| 000 | 01251nam a22002417a 4500 | ||
|---|---|---|---|
| 003 | Uzh_bibl | ||
| 008 | 260420b |||||||| |||| 00| 0 ukr d | ||
| 020 |
_a966-530-021-0 _c48.96 |
||
| 040 | _bукр. | ||
| 041 |
_2ukr _aukr |
||
| 080 | _a94(477) | ||
| 090 |
_a94(477) _bР 88 |
||
| 100 | _aРусова,Софія | ||
| 245 |
_aМемуари.Щоденник _cупорядкування Л.Божук _hТекст |
||
| 260 |
_aКиїв _bПоліграфкнига _c2004 |
||
| 300 |
_a544 с. _fВ опр. |
||
| 520 | _aКнига «Мемуари. Щоденник» Софії Русової — це фундаментальне джерело спогадів визначної української педагогіки та громадської діячки кінця XIX – першої третини XX ст. Видання (зокрема, відоме видання 2004 року) висвітлює її життя, внесок у національну освіту та діяльність в еміграції. | ||
| 521 | _aДля широкого кола читачів | ||
| 546 | _aукр. | ||
| 650 | _aЛітературно-художне видання | ||
| 655 | _aМемуари | ||
| 942 |
_2udc _cBK |
||
| 999 |
_c17403 _d17403 |
||